000 00474nam a2200193Ia 4500
003 GCL
008 140319s9999 xx 000 0 eng d
040 _aGCL /
_cGCL
082 0 4 _aCH
_b843
_bB P
100 1 _aBARNABE, J
245 1 0 _aPILOU DECOUVRE LE PRINTEMPS /
_cBARNABE, J
260 _a[S.N] :
_bHEMMA
650 0 4 _aLITERATURE
650 0 4 _aFICTION
650 0 4 _aFRENCH FICTION
650 0 4 _aFRENCH LITERATURE
650 0 4 _aCHILDREN - FICTION
942 _2ddc
_cBK
999 _c14655
_d14655